Bioplynové stanice - významný zdroj energie a kvalitného hnojiva
Významným obnoviteľných zdrojom energie je bioplyn. Výroba bioplynu je ekologicky šetrná Umožňuje vyrábať teplo i elektrinu. Vznikajúci bioplyn môžeme využívať i v automobilovom priemysle. Pri výrobe bioplynu môžeme využívať aj kaly z ČOV. Bioplynové stanice na slovenských ČOV
Guardado en:
| Autor principal: | |
|---|---|
| Otros Autores: | |
| Formato: | Capítulo de libro |
| Lenguaje: | eslovaco |
| Materias: | |
| Etiquetas: |
Sin Etiquetas, Sea el primero en etiquetar este registro!
|
MARC
| LEADER | 00000naa$a2200000$$$4500 | ||
|---|---|---|---|
| 001 | 0091265 | ||
| 005 | 20231207140436.2 | ||
| 041 | 0 | |a slo | |
| 044 | |a SK | ||
| 245 | 1 | 0 | |a Bioplynové stanice - významný zdroj energie a kvalitného hnojiva |c Ján Záreczký, Július Hétharši |
| 520 | |a Významným obnoviteľných zdrojom energie je bioplyn. Výroba bioplynu je ekologicky šetrná Umožňuje vyrábať teplo i elektrinu. Vznikajúci bioplyn môžeme využívať i v automobilovom priemysle. Pri výrobe bioplynu môžeme využívať aj kaly z ČOV. Bioplynové stanice na slovenských ČOV | ||
| 610 | 2 | 0 | |a bioplyn |
| 610 | 2 | 0 | |a výroba |
| 610 | 2 | 0 | |a čistiarne vôd odpadových |
| 610 | 2 | 0 | |a Slovensko |
| 610 | 2 | 0 | |a zdroje energie obnoviteľné |
| 100 | 1 | |a Záreczký, Ján | |
| 700 | 1 | |a Hétharši, Július | |